[Event "EU-chT (Men) 16th"]
[Site "Heraklion"]
[Date "2007.10.30"]
[Round "3.1"]
[White "Stefansson, Hannes"]
[Black "Carlsen, Magnus"]
[Result "0-1"]
[WhiteElo "2574"]
[BlackElo "2714"]
[PlyCount "50"]
[EventDate "2007.10.28"]
[EventType "team-swiss"]
[EventRounds "9"]
[EventCountry "GRE"]
[SourceTitle "CBM 121"]
[Source "ChessBase"]
[SourceDate "2007.11.14"]
[SourceVersion "1"]
[SourceVersionDate "2007.11.14"]
[SourceQuality "1"]
[WhiteTeam "Iceland"]
[BlackTeam "Norway"]
[WhiteTeamCountry "ISL"]
[BlackTeamCountry "NOR"]

1. d4 Nf6 2. c4 e6 3. Nf3 d5 4. Nc3 c6 5. Bg5 h6 6. Bxf6 Qxf6 7. e3 Nd7 8. Bd3 dxc4 9. Bxc4 g6 10. O-O Bg7 11. b4 O-O 12. a4 e5 13. a5 exd4 14. exd4 Rd8 15. Re1 Nf8 16. Qb3 Be6 17. Rad1 Bxc4 $146 ({RR} 17... b5 18. axb6 axb6 19. b5 Bxc4 20. Qxc4 Rac8 21. Qb3 Re8 22. h3 Rxe1+ 23. Rxe1 Ne6 24. bxc6 Rxc6 25. Ne4 Qd8 26. d5 Nc5 27. Qd1 Rc7 28. Nxc5 bxc5 29. d6 Rd7 30. Qd5 Rxd6 31. Qxc5 Rd1 {½-½ (31) Gyimesi,Z (2616)-Schlosser,P (2554) Austria 2006}) 18. Qxc4 Ne6 19. Ne5 Qf5 20. Nxf7 Kxf7 21. Re3 Bxd4 22. Rf3 Qxf3 23. gxf3 Bxc3 24. Rxd8 Rxd8 25. f4 Rd4 0-1

[Event "EU-chT (Men) 16th"]
[Site "Heraklion"]
[Date "2007.11.03"]
[Round "6.1"]
[White "Carlsen, Magnus"]
[Black "Tiviakov, Sergei"]
[Result "1-0"]
[WhiteElo "2714"]
[BlackElo "2643"]
[PlyCount "123"]
[EventDate "2007.10.28"]
[EventType "team-swiss"]
[EventRounds "9"]
[EventCountry "GRE"]
[SourceTitle "CBM 121"]
[Source "ChessBase"]
[SourceDate "2007.11.14"]
[SourceVersion "1"]
[SourceVersionDate "2007.11.14"]
[SourceQuality "1"]
[WhiteTeam "Norway"]
[BlackTeam "Netherlands"]
[WhiteTeamCountry "NOR"]
[BlackTeamCountry "NED"]

1. d4 {Dautov,Rustem} Nf6 2. c4 e6 3. Nf3 b6 4. g3 Bb7 5. Bg2 Be7 6. Nc3 Na6 7. O-O O-O 8. Bf4 Ne4 9. Re1 d5 10. cxd5 exd5 11. Rc1 c5 12. dxc5 Bxc5 ({RR} 12... Naxc5 13. Nd4 ({RR} 13. Nb5 g5 14. Be5 ({RR} 14. Be3) 14... Qd7 15. Nc3 Qf5 16. Bd4 Ne6 17. Be3 Bc5 18. Bxc5 bxc5 19. Nxe4 dxe4 20. Qc2 Nd4 21. Nxd4 cxd4 22. Qc7 e3) ({RR} 13. Be5 Re8 14. Nb5 Bf8 15. Nbd4 a5) 13... Bf6 14. Bh3 ({RR} 14. b4 Nxc3 15. Rxc3 Ne6 16. Nxe6 fxe6 17. Rc7 Rf7) 14... Ng5 ({RR} 14... Re8 15. Ncb5 Ng5 ({RR} 15... Re7 16. b4 Ne6 17. Nxe6 fxe6 18. Nc7) 16. Bg2 Bxd4 ({RR} 16... Nge6 17. Nxe6 Nxe6 18. Nd6) 17. Nxd4 Nge6 18. Be3) ({RR} 14... Qe7 15. Nf5) 15. Bxg5 Bxg5 16. e3 Bf6 ({RR} 16... g6 17. Re2 Qe7 18. Nf3) 17. Re2 ({RR} 17. b4 Ne4) 17... g6 ({RR} 17... Re8 18. Rd2) 18. b4 Ne4 19. Nxe4 ({RR} 19. Rec2 Re8 ({RR} 19... Nd6 20. Bg2) 20. Ncb5 Re7 21. Nc6 Bxc6 22. Rxc6) 19... dxe4 20. Rd2 Qe7 21. b5 Bxd4 22. Rxd4 Bc8 ({RR} 22... Rfd8 23. Bd7 ({RR} 23. Rd7 Rxd7 24. Qxd7 Qxd7 25. Bxd7 Kf8 26. Rc7 Bd5) 23... Bc8 ({RR} 23... Qe5 24. Bc6 Rxd4 25. exd4 Qe7 26. d5) 24. Bc6 Bb7 25. Bxb7 Rxd4 26. Qxd4 Qxb7 27. Qe5) 23. Bd7 Bxd7 24. Rxd7 Qa3 25. Rc2 ({RR} 25. Qd2 a6 26. bxa6 Rxa6) 25... Qa4 ({RR} 25... a6 26. bxa6 Rxa6 27. Qd5) 26. Rd5 Rae8 ({RR} 26... Rac8 27. Rxc8 Qxd1+ 28. Rxd1 Rxc8 29. Rd7 Ra8 30. a4 a6 31. Rb7 axb5 32. axb5 h5 33. Rxb6 Ra1+ 34. Kg2 Rb1 35. h3 Kg7 36. g4 hxg4 37. hxg4 g5) ({RR} 26... a6 27. Qe2 ({RR} 27. bxa6 Qxa6 ({RR} 27... Rxa6 28. Rd4 Qe8 29. Qb1) 28. Qd4 Qa4) 27... axb5 28. Rd4 Qa5 29. Rxe4) 27. h4 {Anand,V (2725)-Adams,M (2660) Wijk aan Zee 1996 CBM 051 [Dautov,Rustem] 1-0 (45)}) 13. e3 ({RR} 13. Rf1 Re8 14. Be5 Nb4 15. a3 Nc6 16. Bf4 Nxc3 17. Rxc3 a5 18. Rd3 Ne7 19. Re1 Qc8 20. Be5 Qc6 21. e3 Rad8 22. Bc3 Qc8 23. Nd4 Ba6 24. Rd2 Bxa3 25. Bxa5 bxa5 26. bxa3 Qc3 27. Rc2 Qxa3 {Liu,Z (2286)-Stojanovic,M (2490) Belgrade SRB 2023 ½-½}) 13... Nxc3 14. bxc3 Qe7 $146 ({RR} 14... Re8 15. h4 Ba3 16. Rc2 Nc5 17. Nd4 Qd7 18. h5 h6 19. Kh2 Ne4 20. Bh3 Qa4 21. Nf5 Nf6 22. g4 Nh7 23. Qd4 Qxd4 24. cxd4 Rac8 25. Rxc8 Bxc8 26. Nd6 Bxd6 27. Bxd6 Be6 28. Rc1 Nf6 29. f3 {Svane,R (2637)-Kosteniuk,A (2516) Chess.com INT 2022 0-1 (50)}) ({RR} 14... Re8 15. h4 Ba3 16. Rc2 Nc5 17. Nd4 Qd7 18. h5 h6 19. Kh2 Ne4 20. Bh3 Qa4 21. Nf5 Nf6 22. g4 Nh7 23. Qd4 Qxd4 24. cxd4 Rac8 25. Rxc8 Bxc8 26. Nd6 Bxd6 27. Bxd6 Be6 28. Rc1 Nf6 29. f3 {Svane,R (2637)-Kosteniuk,A (2516) Chess.com INT 2022 0-1 (50)}) 15. Nd4 Rad8 16. h4 Rfe8 17. Bf1 Ba3 18. Rc2 Nc5 19. Nb5 Ne6 20. Be5 Bc6 21. Nxa3 Qxa3 22. Qg4 Qa4 23. Qxa4 Bxa4 24. Rd2 Nc5 25. Bd4 Rc8 26. Rb2 Rc7 27. Rb4 Bc2 28. c4 Nd3 29. Bxd3 Bxd3 30. cxd5 Rd7 31. Rc1 Rxd5 32. Ra4 Rd7 33. g4 h6 34. f3 Kh7 35. Kf2 Ree7 36. Ra3 Bb5 37. Rac3 Rd8 38. Kg3 f6 39. f4 h5 40. g5 Kg6 41. Rb1 Rd5 42. Rc8 Be8 43. Rbc1 f5 44. Rb8 Rd6 45. Rcc8 Rde6 46. Be5 Kf7 47. Rd8 Kg6 48. Kf2 Kf7 49. e4 Kg6 50. Bd6 Rd7 51. Rxd7 Bxd7 52. e5 Bc6 53. Rc8 Be8 54. Ra8 Bf7 55. Rxa7 Re8 56. a3 Bd5 57. Ke3 b5 58. Kd4 Bg2 59. e6 Rxe6 60. Be5 Kh7 61. Rxg7+ Kh8 62. Re7+ 1-0

[Event "Moscow Tal Memorial 2nd"]
[Site "Moscow"]
[Date "2007.11.11"]
[Round "2"]
[White "Carlsen, Magnus"]
[Black "Alekseev, Evgeny V"]
[Result "1/2-1/2"]
[WhiteElo "2714"]
[BlackElo "2716"]
[Annotator "Ftacnik,Lubomir"]
[PlyCount "90"]
[EventDate "2007.11.10"]
[EventType "tourn"]
[EventRounds "9"]
[EventCountry "RUS"]
[EventCategory "20"]
[SourceTitle "CBM 122"]
[Source "ChessBase"]
[SourceDate "2008.01.30"]
[SourceVersion "1"]
[SourceVersionDate "2008.01.30"]
[SourceQuality "1"]

1. d4 d5 2. c4 e6 3. Nc3 Be7 4. Nf3 Nf6 5. Bf4 O-O 6. e3 Nbd7 7. cxd5 Nxd5 8. Nxd5 exd5 9. Be2 Bb4+ $1 {An important move, that lures the white knight on to the lesser square d2.} 10. Nd2 Nf6 11. O-O Bd6 12. Bg5 ({RR} 12. Bxd6 Qxd6 13. Rc1 c6 14. Qb3 Re8 15. Rfe1 Re7 16. Qa3 Qd8 17. b4 Bg4 18. Bf1 a6 19. Qa5 Ne8 20. Qxd8 Rxd8 21. a4 Nd6 22. Nb3 Bd7 23. Nc5 Be8 24. f3 f6 25. e4 dxe4 26. fxe4 b6 {Niemann,H (2688)-Grischuk,A (2745) Chess.com INT 2022 1-0 (72)}) 12... h6 13. Bh4 c6 14. Qc2 Re8 $146 (14... g6 15. f3 Bf5 16. e4 g5 17. Bf2 Bg6 18. Bd3 dxe4 19. fxe4 Ng4 20. Nf3 Nxf2 21. Rxf2 Bf4 22. Kh1 Be3 23. Re2 Bxd4 24. e5 Bxd3 25. Qxd3 c5 26. e6 Bg7 27. Qc4 {1/2 Tregubov,P (2609)-Gonzalez Garcia,J (2541)/Merida 2007}) ({RR} 14... g6 15. f3 Bf5 16. e4 g5 17. Bf2 Bg6 18. Bd3 dxe4 19. fxe4 Ng4 20. Nf3 Nxf2 21. Rxf2 Bf4 22. Kh1 Be3 23. Re2 Bxd4 24. e5 Bxd3 25. Qxd3 c5 26. e6 Bg7 27. Qc4 {½-½ (27) Tregubov,P (2609)-Gonzalez Garcia,J (2541) Merida 2007}) 15. Rab1 g6 16. Bxf6 $6 {The eternal optimism of youth! The exchange of the bishop for the knight f6 is typical for this pawn structure, but usually White has more minor pieces left supporting the queenside attack.} (16. Bd3 Kg7 17. Bg3 Bxg3 18. hxg3 $11) 16... Qxf6 17. b4 a6 18. a4 h5 19. b5 (19. Bd3 Kg7 20. Qc3 h4 21. h3 Bc7 $15) 19... Bf5 20. Bd3 Bxd3 21. Qxd3 cxb5 $1 {Brave, but absolutely the correct solution. The passed pawn on the a-file is strong and the d5 weakness defendable.} (21... axb5 22. axb5 Ra3 23. Rb3 Rea8 24. Nf3 $11) 22. axb5 a5 23. Qb3 Qf5 (23... a4 $2 24. Qxd5 Qe7 25. Nc4 $14) 24. Qa4 Rec8 (24... Qd3 25. Nf3 (25. Rfd1 Rec8 26. b6 Qc2 27. Qd7 Qc6 28. Qxc6 Rxc6 29. e4 $15) 25... Qc4 26. Qxc4 dxc4 27. Rfc1 Rec8 28. e4 a4 $15) 25. b6 Qc2 26. Nb3 $1 {Carlsen deserves full praise for composing his mind enough for the difficult defensive task.} (26. Qxc2 Rxc2 27. Nb3 a4 $17) 26... Qc6 (26... Qc4 $5 27. Qa1 (27. Ra1 $6 Qxa4 28. Rxa4 Bb4 29. Rfa1 Rc4 30. g3 Bc3 31. R1a2 Rxa4 32. Rxa4 Ra6 $17) 27... Qa6 (27... a4 28. Rfc1 axb3 29. Rxc4 dxc4 30. Qc3 Ra2 31. g3 Bf8 $15) 28. Qa4 Rc6 29. g3 Bb4 (29... Qc4 30. Qa1 Rxb6 31. Rfc1 Qe2 32. Nc5 $13) 30. Rfc1 Rxb6 31. Nc5 Bxc5 32. dxc5 Rxb1 33. Rxb1 Qc6 $17) 27. Qa1 Bb4 (27... a4 28. Rfc1 Bxh2+ 29. Kxh2 Qd6+ 30. Kg1 axb3 31. Rxc8+ Rxc8 32. Rxb3 Rc2 $15) 28. Nc5 $5 Qxb6 (28... Bxc5 29. dxc5 a4 (29... Qxc5 30. Rfc1 Qd6 31. Rxc8+ Rxc8 32. Qxa5 $11) 30. Rfc1 Re8 31. Qa3 Re4 $17) 29. Nd3 Qd6 {Alekseev must have been satisfied with the progress he has made. A better position and an extra pawn promise him fair winning chances.} 30. Qa2 Ra6 31. g3 Rc3 32. Rb3 $1 (32. Nf4 Rc4 33. Qa4 Qc6 $17) 32... Rxb3 33. Qxb3 Rc6 34. Qa4 (34. Nf4 Rc4 35. Ra1 Qc6 $17) 34... Kg7 (34... Rc4 35. Nxb4 axb4 36. Qa8+ Kg7 37. Qxb7 $15) 35. Rb1 {[%mdl 256] Amazingly enough White has managed to organize his resistance on the queenside so flexibly, that Black will find it very challenging to make progress.} Rc4 (35... Rb6 36. Rc1 f6 37. Rc8 Rc6 38. Ra8 $15) 36. Ne5 Rc7 (36... Rc3 37. Qb5 Rc7 38. Qa4 $1 (38. Kg2 f6 39. Nd3 Qc6 40. Qxc6 bxc6 $17) 38... f6 39. Nd3 $14) 37. Nd3 Qc6 38. Qa2 {White's queen has to stay on the board to create tension against the black pawns.} (38. Qxc6 bxc6 $17) 38... Qb5 (38... Qc4 39. Nxb4 axb4 40. Qa5 $11) 39. Qb3 Rc6 (39... Rc4 40. Ne5 Rc7 41. Nd3) 40. Kg2 (40. Nxb4 axb4 41. Qxb4 $2 Rc1+ $19) 40... Qc4 41. Qd1 {White is not dreaming about activity, as his defensive set up is ideal.} (41. Nxb4 Qxb3 42. Rxb3 Rb6 43. Rc3 axb4 44. Rb3 Kf6 $17) 41... Qb5 (41... Rb6 42. Ne5 Qa2 43. Nd3 Rf6 44. Rb2) 42. Qb3 Rc4 43. Ne5 Rc7 44. Nd3 Rc4 45. Ne5 Rc7 {Frustrating for Alekseev, but ideas for improvement are simply lacking.} 1/2-1/2

[Event "FIDE World Cup"]
[Site "Khanty-Mansiysk"]
[Date "2007.11.24"]
[Round "1.1"]
[White "Zhao, Zong Yuan"]
[Black "Carlsen, Magnus"]
[Result "0-1"]
[WhiteElo "2491"]
[BlackElo "2714"]
[PlyCount "144"]
[EventDate "2007.11.24"]
[EventType "k.o."]
[EventRounds "7"]
[EventCountry "RUS"]
[SourceTitle "CBM 122"]
[Source "ChessBase"]
[SourceDate "2008.01.30"]
[SourceVersion "1"]
[SourceVersionDate "2008.01.30"]
[SourceQuality "1"]

1. d4 {Stohl,Igor} Nf6 2. Nf3 e6 3. c4 b6 4. Nc3 Bb7 5. Bg5 Be7 6. e3 h6 7. Bh4 O-O 8. Bd3 c5 9. O-O cxd4 10. exd4 d5 11. Bxf6 ({RR} 11. Qe2 dxc4 12. Bxc4 Nc6 13. Rad1 Nh5 14. Bg3 ({RR} 14. Bxe7 Nxe7) 14... Nxg3 15. hxg3 Na5 ({RR} 15... Nb4)) 11... Bxf6 12. cxd5 exd5 13. Re1 ({RR} 13. Ne5 Nc6) 13... Nc6 14. Bc2 Qd6 15. Qd3 ({RR} 15. a3 Rfe8 16. Qd2 Na5) 15... g6 16. Bb3 $146 ({RR} 16. a3 Rfe8 17. h3 Bg7 18. b4 ({RR} 18. Bb3 Na5 19. Ba2 Rac8 20. Re2) 18... a5 19. b5 Ne7 20. Ne5 Nf5 21. f4 ({RR} 21. Nf3 Rxe1+ 22. Rxe1 Qxa3) 21... h5 22. Qd2 ({RR} 22. g4) ({RR} 22. Qd1 Rac8) 22... Ng3 23. Re3 h4 24. Rae1 Re6 25. Nxf7 ({RR} 25. Qf2 Qxa3 26. Nxd5 Qd6 27. Nxf7 Qxd5 28. Rxe6 Bxd4) ({RR} 25. Ne2 Ne4) 25... Qxf4 26. Ne5 Bxe5 27. dxe5 Rf8 28. Nd1 ({RR} 28. Nxd5 Bxd5 29. Qxd5 Qxe3+ 30. Rxe3 Rf1+ 31. Kh2 Rh1#) ({RR} 28. Ne2 Qf2+ 29. Kh2 d4) 28... Nf1 29. Rxf1 Qxf1+ 30. Kh2 Kg7 {Sokolov,I (2645)-Rivas Pastor,M (2515) Leon 1995 CBM 048 [Stohl,Igor] 0-1 (45)} {RR} 31. Rc3 Rxe5 32. Qd4 Qf4+) ({RR} 16. a3 Rfe8 17. b4 a5 18. b5 Ne7 19. Qd2 Rac8 20. Bd3 Rc7 21. Ne2 Kg7 22. Nf4 Bc8 23. g3 Bg4 24. Ne5 Bf5 25. Re2 Rec8 26. a4 Bg5 27. h4 Bxd3 28. Nexd3 Bf6 29. Ne5 Rc3 30. Ng4 Rc2 {Gostisa,L (2410)-Orel,O (2320) Slovenia 1992 1-0 (31)}) 16... Na5 17. Ne5 Bg7 18. Re2 Nxb3 19. axb3 a6 20. Rae1 Rad8 21. h3 b5 22. Qd2 Bc8 23. Na2 Rde8 24. Qb4 Re6 25. Qxd6 Rxd6 26. Nb4 g5 27. Nbd3 Bf5 28. Nc5 b4 29. g4 Bc8 30. Ncd3 a5 31. Nc5 Kh7 32. f3 f6 33. Ned3 f5 34. Re7 fxg4 35. fxg4 h5 36. Ne5 hxg4 37. hxg4 Rf4 38. Ra1 Rxd4 39. Rxa5 Rd8 40. Raa7 Rg8 41. Kf2 Kh6 42. Ncd7 Bxd7 43. Ra6+ Kh7 44. Nxd7 Kh8 45. Ne5 Rf8+ 46. Rf7 Rf4+ 47. Rxf4 Rxf4+ 48. Nf3 Rxg4 49. Rg6 Bd4+ 50. Nxd4 Kh7 51. Rd6 Rxd4 52. Ke3 Re4+ 53. Kd3 Rf4 54. Rxd5 Kg6 55. Rb5 Rf3+ 56. Kc2 Rf4 57. Kd3 Kh5 58. Ke2 Kg4 59. Rc5 Kh4 60. Ke3 Rg4 61. Kf2 Kh3 62. Rc4 Rg2+ 63. Kf1 Rxb2 64. Rxb4 g4 65. Rb8 Rb1+ 66. Ke2 g3 67. b4 Rb3 68. Rh8+ Kg2 69. Rb8 Kh2 70. Rh8+ Kg1 71. Rh4 g2 72. Ke1 Rb2 0-1

[Event "FIDE World Cup"]
[Site "Khanty-Mansiysk"]
[Date "2007.11.27"]
[Round "2.1"]
[White "Carlsen, Magnus"]
[Black "Naiditsch, Arkadij"]
[Result "1/2-1/2"]
[WhiteElo "2714"]
[BlackElo "2639"]
[PlyCount "140"]
[EventDate "2007.11.24"]
[EventType "k.o."]
[EventRounds "7"]
[EventCountry "RUS"]
[SourceTitle "CBM 122"]
[Source "ChessBase"]
[SourceDate "2008.01.30"]
[SourceVersion "1"]
[SourceVersionDate "2008.01.30"]
[SourceQuality "1"]

1. d4 Nf6 2. c4 e6 3. Nc3 Bb4 4. Qc2 d5 5. a3 Bxc3+ 6. Qxc3 c5 7. dxc5 d4 8. Qg3 Nc6 9. Nf3 e5 ({RR} 9... O-O 10. b4 Ne4 11. Qh4 Qxh4 12. Nxh4 b6 13. cxb6 axb6 14. Bb2 Bb7 15. Nf3 e5 16. Rd1 Rfd8 17. e3 dxe3 18. Rxd8+ Rxd8 19. fxe3 f6 20. Be2 Ne7 21. O-O Nf5 22. Rd1 Rc8 23. Rd7 Bc6 24. Ra7 {Ernst,R (2334)-Zeng,C (2553) Kavala GRE 2025 0-1 (35)}) 10. Nxe5 ({RR} 10. b4 e4 11. Ne5 Nh5 12. Nxc6 Nxg3 13. Nxd8 Nxh1 14. Bb2 e3 15. fxe3 dxe3 16. Bxg7 Rg8 17. Bf6 Rg6 18. Bh4 Nf2 19. Rc1 f6 20. Nxb7 Bxb7 21. Rc3 O-O-O 22. Rxe3 Ng4 23. Re6 Kd7 24. Rd6+ Ke7 {Bok,B (2972)-Belli,G (2528) Chess.com 2024 0-1 (52)}) ({RR} 10. b4 e4 11. Nd2 O-O 12. e3 a5 13. b5 Ne7 14. Be2 Be6 15. Bb2 Nf5 16. Qf4 Rc8 17. Rd1 Re8 18. h4 Rxc5 19. Nb3 Rc8 20. g4 d3 21. gxf5 Bxc4 22. Rg1 Bxb3 23. Rxg7+ Kxg7 24. Qg5+ Kf8 {Ivanisevic,I (2643)-Naiditsch,A (2657) Bled 2016 ½-½ (36)}) 10... Qa5+ 11. Kd1 Nxe5 $146 ({RR} 11... Ne4 12. Qf4 Nxf2+ 13. Kc2 Nxe5 14. Qxe5+ Be6 15. Rg1 O-O 16. g4 Bxc4 17. Rg3 Qa4+ 18. Kb1 Qd1 19. Bg2 Rae8 20. Qf5 Rxe2 {0-1 (20) Machan,J (2322)-Smith,B (2453) Pardubice 2016}) ({RR} 11... Ne4 12. Qxg7 Nxf2+ 13. Kc2 Bf5+ 14. Kb3 O-O-O 15. Qf6 Be6 16. Nxc6 Qxc5 17. Ne7+ Kd7 18. Nd5 b5 19. e3 bxc4+ 20. Kc2 d3+ 21. Kb1 Ne4 22. Qd4 Qxd5 23. Qxa7+ Ke8 24. Qa4+ Bd7 25. Qb4 Qc5 26. Bd2 {Bluebaum,M (2091)-Gibicar,D (1965) Oberhof 2010 0-1 (37)}) 12. Qxe5+ Be6 13. Bd2 Qa4+ 14. Ke1 Rd8 15. c6 Qxc6 16. Qb5 Bxc4 17. Qxc6+ bxc6 18. Rc1 Bb5 19. Bb4 Kd7 20. Bc5 Ke6 21. f3 a5 22. Kf2 Rd5 23. e4 dxe3+ 24. Bxe3 Bxf1 25. Rhxf1 Kd7 26. Rc2 Rb8 27. Rfc1 Rd3 28. Ke2 Rd6 29. Bf4 Re6+ 30. Kf2 Rb3 31. Rd2+ Nd5 32. Rc5 Ke8 33. Bg3 f5 34. Kg1 f4 35. Bf2 Ne3 36. Rxa5 Nc4 37. Ra8+ Kf7 38. Rd4 Rxb2 39. Rxf4+ Kg6 40. Rxc4 Rb1+ 41. Be1 Rbxe1+ 42. Kf2 R6e2+ 43. Kg3 Rg1 44. Rg4+ Kf6 45. Kh3 g6 46. Rf8+ Kg7 47. Rc8 h5 48. Rg5 Rc1 49. a4 Kf6 50. f4 Rc3+ 51. Rg3 Rxg3+ 52. hxg3 Rc2 53. a5 Kf5 54. a6 Ra2 55. Rxc6 Ra1 56. Kh2 Ra5 57. Kg1 g5 58. fxg5 Kxg5 59. Kf2 Ra3 60. Ke1 Ra2 61. Kd1 Kg4 62. Kc1 Kxg3 63. Kb1 Ra5 64. Rg6+ Kf2 65. g3 Ke3 66. Kb2 Ke4 67. Kb3 Kf5 68. Kb4 Ra1 69. Rc6 Kg4 70. Rh6 Kxg3 1/2-1/2

[Event "FIDE World Cup"]
[Site "Khanty-Mansiysk"]
[Date "2007.12.06"]
[Round "5.1"]
[White "Carlsen, Magnus"]
[Black "Cheparinov, Ivan"]
[Result "1-0"]
[WhiteElo "2714"]
[BlackElo "2670"]
[Annotator "Friedel,Frederic"]
[PlyCount "123"]
[EventDate "2007.11.24"]
[EventType "k.o."]
[EventRounds "7"]
[EventCountry "RUS"]
[SourceTitle "CBM 122"]
[Source "ChessBase"]
[SourceDate "2008.01.30"]
[SourceVersion "1"]
[SourceVersionDate "2008.01.30"]
[SourceQuality "1"]

{Carlsen and Cheparinov already met in the third round of the World Cup in Khanty-Mansiysk two years ago. The two regular games ended with the score 1-1 then, each of the opponents winning with the black pieces! After that in the rapid Magnus knocked out Ivan by winning both games. In the two years period both players constantly grew in strength and now belong to the strongest grandmasters in the world. High time for a new confrontation!} 1. d4 Nf6 2. Nf3 g6 {The King's Indian is a dangerous weapon in hands of tactical players. It usually leads to sharp tactical battle, where White gains space advantage, but where Black often keeps good counterplay possibilities against the white king. It fits perfectly to Cheparinov's aggressive playing style.} 3. Bg5 {No, thank you. The young Norwegian, who, by the way plays the King's Indian himself from time to time, declines the invitation and chooses a solid and quiet set-up, without big ambitions to fight for the opening advantage. Earlier Carlsen used to play 3.g3 in this position.} Bg7 4. Nbd2 d6 5. e4 O-O 6. c3 c5 7. dxc5 dxc5 8. Bc4 Nc6 9. O-O Qc7 10. Qe2 h6 11. Bh4 Nh5 12. Rfe1 Bg4 13. Qe3 g5 {A novelty. Cheparinov gains the bishop pair for the price of weakening his kingside pawn structure.} 14. Bg3 Nxg3 15. hxg3 b6 $146 ({RR} 15... Na5 16. Bd3 c4 17. Bc2 e5 18. Nh2 Be6 19. g4 Rfd8 20. Ndf1 Bf8 21. Ng3 Bc5 22. Qe2 b5 23. a3 Nc6 24. Nhf1 a5 25. Qf3 b4 26. axb4 axb4 27. Nh5 Qe7 28. Nfg3 Kf8 29. Rxa8 Rxa8 30. Nf5 {Hamblok,R (2141)-Roos,A (2054) Namur 2009 1-0 (38)}) 16. Nh2 Bh5 17. g4 {So after all Carlsen couldn't resist the temptation and tries to exploit opponent's provokative play.} ({The more cautious} 17. Be2 {is answered with} Bg6 {and again in order to avoid passivity White must take some aggressive actions connected with f2-f4.}) 17... Bg6 18. g3 Rad8 19. f4 Nd4 {Who said anything about "a solid and quiet opening set-up"? Well, in reality the players' style and fighting spirit counts more than any other factors. It is curious that in spite of wild complications the position remains about equal. The only difference to the usual equality is that here any mistake can lead to immediate disaster for either side.} 20. Rac1 b5 21. Bf1 gxf4 22. gxf4 Ne6 ({I doubt that the cautious} 22... Bh7 {in order to keep the material balance did cross Cheparinov's mind.}) 23. e5 {Due to the large amount of variations to calculate, it is difficult to choose which pawn to advance. Carlsen's move is more cautious, opening fewerdiagonals for black pieces and trying to keep the queen away from the white king.} ({Advancing the other pawn looks possible too:} 23. f5 Be5 24. Ndf3 ({worse is} 24. Nhf3 Bf4) 24... Bf4 25. Qf2 Bxc1 26. Rxc1 Qf4 ({or} 26... Nf4 {after which White is not necessarily forced to take the bishop, but can choose between moves like 27.e5 or 27.Qh4, with compensation for the exchange.}) 27. Re1 Ng5 28. Nxg5 Qxg5 29. fxg6 fxg6 30. Qg3 a6 {with a double-edged position.}) 23... f5 24. exf6 Rxf6 25. f5 Ng5 26. fxg6 Re6 27. Qf2 Be5 28. Rxe5 (28. Nhf3 {is bad in view of} Bg3) 28... Qxe5 29. Ndf3 Nxf3+ 30. Nxf3 Qf4 31. Re1 Rxe1 {In such positions the side with the rook usually aims to exchange pieces, since in endgame the rook with a pawn has better chances to fight against two minor pieces.} ({Nevertheless it deserved attention} 31... Qxg4+ 32. Bg2 Rxe1+ 33. Qxe1 {and now interesting is} Rd6 {with complicated play. White can't activate his minor pieces due to his vulnerable king.}) 32. Nxe1 Qxf2+ 33. Kxf2 Rd2+ 34. Ke3 {Thanks to the pawn on g6 White's chances are preferable, but Black should be able to make a draw. However, Magnus showed a better technique and nicely used the small inaccuracies made by Cheparinov, achieving a winning position. Then in the end both players missed the right continuations. The last one to err was Cheparinov....} Rd1 (34... Rxb2 35. Nd3 Rxa2 36. Nxc5 Rb2 {is a possible alternative}) 35. Ke2 Ra1 (35... Rb1 36. b3 Rb2+ 37. Ke3 Rxa2 38. Bxb5 $16) 36. Bg2 c4 (36... Rxa2 $4 37. Bd5+) 37. a3 Rb1 38. Nc2 Rxb2 39. Be4 Kg7 40. Ke3 Rb3 41. Kd2 Kf6 (41... e5) 42. Nd4 Rxa3 43. Nxb5 Ra5 44. Nc7 Kg7 45. Ne6+ Kh8 46. Ke3 Ra1 47. Kd4 a5 48. Bc6 a4 49. Be8 Rg1 50. g5 a3 51. Bf7 Rxg5 52. Nxg5 hxg5 53. Bxc4 Kg7 54. Kd3 $2 (54. Ke5 Kxg6 55. Ba2 g4 56. Kf4 Kf6 57. Kxg4 Ke5 58. Kf3 $18) 54... Kxg6 55. Kc2 g4 56. Kb3 (56. Bd3+ Kg5 57. c4 e5 58. c5 g3 59. Bf1 ({or} 59. Be4 Kf4 60. Bg2 e4 61. c6 e3 62. c7 e2 63. Kd2 a2) 59... e4 60. c6 e3 61. c7 g2 62. Bxg2 e2 63. Kd2 a2 $11) 56... Kf5 57. Kxa3 {This endgame is easy to analyze thanks to the available so-called tablebases. Playing it with no time is a completely different thing, so I will just indicate the mistakes, without deep analysis.} g3 $2 (57... Ke4 58. Ba6 e5 $11 {Also 57...Kf4 and 57...e5 are sufficient for a draw.}) 58. Bf1 $2 ({Correct is} 58. Bd5 e5 59. Bg2 {(or 59.Bh1)} e4 60. Kb3 e3 61. Kc2 {winning}) 58... e5 $2 (58... Kf4 {(or immediately 58...Ke4)} 59. c4 Ke4 60. Kb4 e5 61. Kc3 (61. c5 Kd5 62. Kb5 e4 63. Bg2 Kd4 64. c6 e3 65. c7 e2 66. c8=Q e1=Q $11) 61... Kf3 62. c5 Kf2 63. Bh3 e4 64. c6 e3 65. c7 e2 66. c8=Q e1=Q+ $11) 59. Kb3 $2 {This move again allows Black to escape} ({White must start with} 59. Bg2 e4 (59... Kf4 60. c4 $18) 60. Kb3 Ke5 61. Kc4 $18) 59... Kf4 $2 {The last mistake.} (59... Ke4 $1 60. Bg2+ Kd3 $1 {still achieves a draw.}) 60. Bg2 Ke3 61. Kc4 Kf2 62. Be4 (62. Be4 g2 63. Bxg2 Kxg2 64. Kd5 $18) 1-0